[Event "Team women final 2016"]
[Site "Sochi"]
[Date "2016.05.08"]
[Round "7.3"]
[White "Kovalevskaya, Ekaterina"]
[Black "Mkrtchian, Lilit"]
[Result "1-0"]
[LiveChessVersion "1.4.4"]
[BlackElo "2434"]
[WhiteElo "2467"]
[BlackTeam "Ugra"]
[WhiteTeam "Legacy"]

1. Nf3 {[%clk 1:30:57]} Nf6 {[%clk 1:30:34]} 2. g3 {[%clk 1:31:12]} b6
{[%clk 1:30:43]} 3. Bg2 {[%clk 1:30:50]} Bb7 {[%clk 1:31:07]} 4. O-O
{[%clk 1:31:07]} e6 {[%clk 1:31:26]} 5. c4 {[%clk 1:26:18]} Be7 {[%clk 1:31:29]}
6. b3 {[%clk 1:19:02]} O-O {[%clk 1:31:22]} 7. Bb2 {[%clk 1:19:26]} d5
{[%clk 1:31:26]} 8. Qc2 {[%clk 1:13:49]} Nbd7 {[%clk 1:21:57]} 9. Nc3
{[%clk 1:02:24]} a5 {[%clk 1:14:40]} 10. d4 {[%clk 0:37:04]} Ne4 {[%clk 1:04:10]}
11. cxd5 {[%clk 0:27:16]} exd5 {[%clk 0:58:00]} 12. Nxe4 {[%clk 0:27:23]} dxe4
{[%clk 0:58:26]} 13. Ne5 {[%clk 0:27:31]} Nf6 {[%clk 0:55:18]} 14. Nc6
{[%clk 0:24:05]} Qd6 {[%clk 0:51:19]} 15. Rac1 {[%clk 0:15:54]} Rfe8
{[%clk 0:46:28]} 16. Ne5 {[%clk 0:10:49]} Bd8 {[%clk 0:44:38]} 17. Rfd1
{[%clk 0:07:52]} Bd5 {[%clk 0:35:01]} 18. Nc4 {[%clk 0:08:09]} Qe6
{[%clk 0:35:12]} 19. Ne3 {[%clk 0:07:48]} a4 {[%clk 0:33:23]} 20. Nxd5
{[%clk 0:05:11]} Nxd5 {[%clk 0:31:01]} 21. bxa4 {[%clk 0:05:29]} f5
{[%clk 0:26:28]} 22. Qb3 {[%clk 0:05:00]} Qd7 {[%clk 0:23:19]} 23. e3
{[%clk 0:03:55]} Rxa4 {[%clk 0:22:23]} 24. Bf1 {[%clk 0:03:25]} Rb4
{[%clk 0:18:48]} 25. Qc2 {[%clk 0:03:52]} b5 {[%clk 0:15:01]} 26. a3
{[%clk 0:03:55]} Ra4 {[%clk 0:15:23]} 27. Qc6 {[%clk 0:03:56]} Qxc6
{[%clk 0:14:34]} 28. Rxc6 {[%clk 0:04:24]} Ra5 {[%clk 0:13:31]} 29. Rc5
{[%clk 0:04:22]} c6 {[%clk 0:13:00]} 30. Rxc6 {[%clk 0:04:46]} Be7
{[%clk 0:13:16]} 31. Rb1 {[%clk 0:02:34]} Rb8 {[%clk 0:11:02]} 32. Bc1
{[%clk 0:02:48]} Kf8 {[%clk 0:10:57]} 33. Bd2 {[%clk 0:01:25]} Rxa3
{[%clk 0:10:05]} 34. Rxb5 {[%clk 0:01:47]} Rxb5 {[%clk 0:10:15]} 35. Bxb5
{[%clk 0:02:07]} Ra1+ {[%clk 0:06:57]} 36. Kg2 {[%clk 0:02:07]} g6
{[%clk 0:02:52]} 37. Bc4 {[%clk 0:02:07]} Rd1 {[%clk 0:02:39]} 38. Rc8+
{[%clk 0:01:06]} Kg7 {[%clk 0:03:05]} 39. Bxd5 {[%clk 0:01:02]} Rxd2
{[%clk 0:03:27]} 40. Rc7 {[%clk 0:31:10]} Kf8 {[%clk 0:31:26]} 41. Ra7
{[%clk 0:20:13]} Rb2 {[%clk 0:27:05]} 42. h3 {[%clk 0:12:14]} h5 {[%clk 0:21:25]}
43. h4 {[%clk 0:11:32]} Rc2 {[%clk 0:14:15]} 44. Be6 {[%clk 0:06:22]} Rc6
{[%clk 0:01:12]} 45. Bd7 {[%clk 0:05:12]} Rb6 {[%clk 0:00:58]} 46. Ra5
{[%clk 0:04:22]} Kf7 {[%clk 0:00:52]} 47. Bxf5 {[%clk 0:02:07]} gxf5
{[%clk 0:00:53]} 48. Rxf5+ {[%clk 0:02:35]} Rf6 {[%clk 0:00:37]} 49. Rxh5
{[%clk 0:02:49]} Bb4 {[%clk 0:01:01]} 50. Kf1 {[%clk 0:02:41]} Bd6
{[%clk 0:00:49]} 51. Ke2 {[%clk 0:02:54]} Re6 {[%clk 0:00:45]} 52. Rf5+
{[%clk 0:02:35]} Kg6 {[%clk 0:01:03]} 53. g4 {[%clk 0:02:58]} Bc7
{[%clk 0:00:38]} 54. Rc5 {[%clk 0:02:21]} Bd8 {[%clk 0:00:43]} 55. h5+
{[%clk 0:02:43]} Kh6 {[%clk 0:01:05]} 56. Re5 {[%clk 0:01:10]} Ra6
{[%clk 0:00:33]} 57. Rxe4 {[%clk 0:01:21]} Ra2+ {[%clk 0:01:01]} 58. Kf1
{[%clk 0:01:28]} Bh4 {[%clk 0:01:12]} 59. Rf4 {[%clk 0:01:49]} Kg5
{[%clk 0:01:28]} 60. Kg2 {[%clk 0:02:03]} Rd2 {[%clk 0:01:50]} 61. Rf8
{[%clk 0:01:50]} Ra2 {[%clk 0:01:23]} 62. d5 {[%clk 0:01:20]} Kxg4
{[%clk 0:00:54]} 63. h6 {[%clk 0:01:39]} Ra7 {[%clk 0:01:19]} 64. Rg8+
{[%clk 0:01:08]} Kf5 {[%clk 0:01:19]} 65. Rg7 {[%clk 0:01:07]} Ra6
{[%clk 0:00:54]} 66. h7 {[%clk 0:01:06]} Rh6 {[%clk 0:01:21]} 67. Kf3
{[%clk 0:01:09]} Bf6 {[%clk 0:00:58]} 68. Rd7 {[%clk 0:01:23]} Bh8
{[%clk 0:00:36]} 69. e4+ {[%clk 0:01:15]} Ke5 {[%clk 0:00:44]} 70. Ke3
{[%clk 0:01:31]} Rh3+ {[%clk 0:01:06]} 71. f3 {[%clk 0:01:57]} Bf6
{[%clk 0:01:26]} 72. Rf7 {[%clk 0:02:14]} Bg5+ {[%clk 0:01:13]} 73. Kd3
{[%clk 0:02:34]} Bf6 {[%clk 0:01:31]} 74. Kc4 {[%clk 0:02:36]} Rh1
{[%clk 0:01:03]} 75. f4+ {[%clk 0:01:51]} Kxe4 {[%clk 0:00:54]} 76. Rxf6
{[%clk 0:02:16]} Rxh7 {[%clk 0:01:19]} 77. d6 {[%clk 0:02:28]} Kd5+ 1-0

[Event "Team women final 2016"]
[Site "Sochi"]
[Date "2016.05.08"]
[Round "7.4"]
[White "Nechaeva, Marina"]
[Black "Kashlinskaya, Alina"]
[Result "1/2-1/2"]
[LiveChessVersion "1.4.4"]
[BlackElo "2466"]
[WhiteElo "2416"]
[BlackTeam "Legacy"]
[WhiteTeam "Ugra"]

1. d4 {[%clk 1:30:56]} Nf6 {[%clk 1:30:53]} 2. c4 {[%clk 1:31:21]} e6
{[%clk 1:31:15]} 3. Nc3 {[%clk 1:31:47]} Bb4 {[%clk 1:31:37]} 4. Qc2
{[%clk 1:32:11]} O-O {[%clk 1:31:59]} 5. a3 {[%clk 1:32:37]} Bxc3+
{[%clk 1:32:23]} 6. Qxc3 {[%clk 1:33:03]} d5 {[%clk 1:32:45]} 7. Bg5
{[%clk 1:33:19]} dxc4 {[%clk 1:33:01]} 8. Qxc4 {[%clk 1:33:43]} b6
{[%clk 1:33:20]} 9. Rd1 {[%clk 1:34:08]} Ba6 {[%clk 1:33:35]} 10. Qa4
{[%clk 1:34:32]} h6 {[%clk 1:33:18]} 11. Bh4 {[%clk 1:34:34]} Qe7
{[%clk 1:33:18]} 12. Nf3 {[%clk 1:30:11]} Rd8 {[%clk 1:33:08]} 13. e3
{[%clk 1:22:44]} Bxf1 {[%clk 1:33:05]} 14. Rxf1 {[%clk 1:23:11]} c5
{[%clk 1:18:49]} 15. dxc5 {[%clk 1:21:44]} Rxd1+ {[%clk 1:19:01]} 16. Qxd1
{[%clk 1:21:41]} bxc5 {[%clk 0:55:37]} 17. Ne5 {[%clk 1:00:28]} Qc7
{[%clk 0:43:42]} 18. Bxf6 {[%clk 0:55:25]} gxf6 {[%clk 0:44:06]} 19. Qg4+
{[%clk 0:37:09]} Kf8 {[%clk 0:43:41]} 20. Qe4 {[%clk 0:37:14]} Qa5+
{[%clk 0:23:28]} 21. Kd1 {[%clk 0:26:33]} Qd8+ {[%clk 0:22:12]} 22. Kc1
{[%clk 0:16:48]} Qd5 {[%clk 0:22:19]} 23. Qxd5 {[%clk 0:10:17]} exd5
{[%clk 0:22:48]} 24. Nd3 {[%clk 0:10:22]} Nd7 {[%clk 0:22:43]} 25. Nf4
{[%clk 0:10:00]} Nb6 {[%clk 0:22:09]} 26. Rd1 {[%clk 0:10:19]} Rd8
{[%clk 0:22:22]} 27. Kc2 {[%clk 0:10:35]} a5 {[%clk 0:18:49]} 28. b3
{[%clk 0:03:44]} Ke7 {[%clk 0:17:45]} 29. Kc3 {[%clk 0:03:15]} Kd6
{[%clk 0:17:39]} 30. a4 {[%clk 0:02:12]} Kc6 {[%clk 0:14:01]} 31. Nh5
{[%clk 0:01:19]} Rg8 {[%clk 0:12:52]} 32. g3 {[%clk 0:01:23]} Nd7
{[%clk 0:11:59]} 33. Nf4 {[%clk 0:00:58]} Nb6 {[%clk 0:12:27]} 34. Nh5
{[%clk 0:01:22]} Nd7 {[%clk 0:12:51]} 35. Nf4 {[%clk 0:01:42]} Nb6
{[%clk 0:12:21]} 36. Nh5 {[%clk 0:01:38]} 1/2-1/2

[Event "Team women final 2016"]
[Site "Sochi"]
[Date "2016.05.08"]
[Round "7.5"]
[White "Zhukova, Natalia"]
[Black "Shuvalova, Polina"]
[Result "1/2-1/2"]
[LiveChessVersion "1.4.4"]
[BlackElo "2320"]
[WhiteElo "2489"]
[BlackTeam "MoscowYouth"]
[WhiteTeam "University"]

1. d4 {[%clk 1:30:57]} Nf6 {[%clk 1:30:55]} 2. c4 {[%clk 1:31:18]} g6
{[%clk 1:31:23]} 3. Nc3 {[%clk 1:31:38]} d5 {[%clk 1:31:44]} 4. cxd5
{[%clk 1:27:52]} Nxd5 {[%clk 1:32:09]} 5. e4 {[%clk 1:28:11]} Nxc3
{[%clk 1:32:35]} 6. bxc3 {[%clk 1:28:35]} Bg7 {[%clk 1:33:00]} 7. Bc4
{[%clk 1:28:49]} c5 {[%clk 1:30:58]} 8. Ne2 {[%clk 1:29:08]} O-O {[%clk 1:30:55]}
9. O-O {[%clk 1:29:21]} Nc6 {[%clk 1:31:21]} 10. Be3 {[%clk 1:29:34]} Bg4
{[%clk 1:31:41]} 11. f3 {[%clk 1:29:45]} Bd7 {[%clk 1:32:06]} 12. Rb1
{[%clk 1:27:23]} Qc7 {[%clk 1:32:30]} 13. Bd3 {[%clk 1:21:37]} Rad8 14. d5
{[%clk 1:15:50]} Ne5 {[%clk 1:22:02]} 15. c4 {[%clk 1:15:51]} f5 {[%clk 1:13:03]}
16. Bf4 {[%clk 1:10:43]} b6 {[%clk 1:03:35]} 17. Bxe5 {[%clk 0:47:12]} Bxe5
{[%clk 1:00:45]} 18. f4 {[%clk 0:47:36]} fxe4 {[%clk 0:56:20]} 19. Bxe4
{[%clk 0:47:41]} Bg7 {[%clk 0:53:03]} 20. Qc2 {[%clk 0:42:36]} e6
{[%clk 0:47:21]} 21. Rbd1 {[%clk 0:23:03]} exd5 {[%clk 0:40:58]} 22. Bxd5+
{[%clk 0:22:23]} Kh8 {[%clk 0:41:17]} 23. g3 {[%clk 0:14:41]} Bf5
{[%clk 0:35:50]} 24. Qb3 {[%clk 0:13:41]} Rde8 {[%clk 0:30:54]} 25. Bf3
{[%clk 0:11:30]} Re7 {[%clk 0:30:20]} 26. Rd2 {[%clk 0:05:48]} Rfe8
{[%clk 0:23:05]} 27. Nc3 {[%clk 0:01:36]} Bd4+ {[%clk 0:21:52]} 28. Rxd4
{[%clk 0:01:50]} cxd4 {[%clk 0:22:15]} 29. Nd5 {[%clk 0:02:17]} Qc5
{[%clk 0:22:04]} 30. Nxe7 {[%clk 0:02:44]} Rxe7 {[%clk 0:22:10]} 31. Qb5
{[%clk 0:01:05]} Bd3 {[%clk 0:12:48]} 32. Qxc5 {[%clk 0:01:04]} bxc5
{[%clk 0:13:10]} 33. Rc1 {[%clk 0:01:21]} Re3 {[%clk 0:11:31]} 34. Kf2
{[%clk 0:01:28]} Bf5 {[%clk 0:10:28]} 35. g4 {[%clk 0:00:46]} Be6
{[%clk 0:04:36]} 36. Rb1 {[%clk 0:01:02]} Ra3 {[%clk 0:03:38]} 37. Rb5
{[%clk 0:01:10]} Rxa2+ {[%clk 0:03:26]} 38. Kg3 {[%clk 0:01:32]} Bxc4
{[%clk 0:03:01]} 39. Rxc5 {[%clk 0:02:00]} Bb3 {[%clk 0:02:29]} 40. Bd5
{[%clk 0:30:53]} Rc2 {[%clk 0:30:45]} 41. Rb5 {[%clk 0:23:04]} Bxd5
{[%clk 0:24:28]} 42. Rxd5 {[%clk 0:23:26]} Rc7 {[%clk 0:24:46]} 1/2-1/2

[Event "Team women final 2016"]
[Site "Sochi"]
[Date "2016.05.08"]
[Round "7.6"]
[White "Ivanova, Karina"]
[Black "Zaiatz, Elena"]
[Result "1/2-1/2"]
[LiveChessVersion "1.4.4"]
[BlackElo "2364"]
[WhiteElo "2133"]
[BlackTeam "University"]
[WhiteTeam "MoscowYouth"]

1. d4 {[%clk 1:30:56]} Nf6 {[%clk 1:30:54]} 2. c4 {[%clk 1:31:16]} e6
{[%clk 1:31:20]} 3. Nf3 {[%clk 1:31:37]} d5 {[%clk 1:31:45]} 4. Nc3
{[%clk 1:31:39]} Bb4 {[%clk 1:31:42]} 5. cxd5 {[%clk 1:31:56]} exd5
{[%clk 1:32:08]} 6. Bg5 {[%clk 1:32:12]} Nbd7 {[%clk 1:32:16]} 7. Nd2
{[%clk 1:30:21]} c6 {[%clk 1:26:22]} 8. e3 {[%clk 1:29:53]} Nf8 {[%clk 1:26:37]}
9. Bd3 {[%clk 1:29:26]} Ng6 {[%clk 1:21:13]} 10. O-O {[%clk 1:23:45]} Be7
{[%clk 1:12:06]} 11. Qc2 {[%clk 1:11:56]} O-O {[%clk 1:06:35]} 12. Rab1
{[%clk 1:06:29]} Bd6 {[%clk 1:00:59]} 13. f4 {[%clk 0:46:08]} Re8
{[%clk 0:41:07]} 14. Kh1 {[%clk 0:28:33]} Be7 {[%clk 0:35:31]} 15. f5
{[%clk 0:26:49]} Nf8 {[%clk 0:35:56]} 16. e4 {[%clk 0:17:59]} dxe4
{[%clk 0:35:55]} 17. Ndxe4 {[%clk 0:18:05]} Nxe4 {[%clk 0:31:23]} 18. Bxe7
{[%clk 0:18:30]} Ng3+ {[%clk 0:31:28]} 19. hxg3 {[%clk 0:18:54]} Rxe7
{[%clk 0:31:49]} 20. f6 {[%clk 0:16:56]} Re6 {[%clk 0:28:40]} 21. Ne4
{[%clk 0:11:57]} Qxd4 {[%clk 0:22:57]} 22. Ng5 {[%clk 0:09:13]} gxf6
{[%clk 0:22:43]} 23. Bxh7+ {[%clk 0:08:00]} Kg7 {[%clk 0:23:09]} 24. Nxe6+
{[%clk 0:06:28]} Bxe6 {[%clk 0:23:33]} 25. Bf5 {[%clk 0:06:43]} Ng6
{[%clk 0:22:28]} 26. Qf2 {[%clk 0:06:45]} Qxf2 {[%clk 0:20:54]} 27. Rxf2
{[%clk 0:07:11]} Bxa2 {[%clk 0:20:22]} 28. Bxg6 {[%clk 0:06:56]} Kxg6
{[%clk 0:18:16]} 29. Rbf1 {[%clk 0:07:14]} Bd5 {[%clk 0:08:04]} 30. Rxf6+
{[%clk 0:07:38]} Kg7 {[%clk 0:08:33]} 31. Rd6 {[%clk 0:05:02]} a5
{[%clk 0:05:57]} 32. Rd1 {[%clk 0:02:23]} Re8 {[%clk 0:03:17]} 33. R1xd5
{[%clk 0:01:46]} cxd5 {[%clk 0:03:38]} 34. Rxd5 {[%clk 0:02:12]} b6
{[%clk 0:04:02]} 35. g4 {[%clk 0:01:28]} Kf6 {[%clk 0:01:25]} 36. Kh2
{[%clk 0:01:24]} Re5 {[%clk 0:01:04]} 37. Rd6+ {[%clk 0:01:32]} Re6
{[%clk 0:01:31]} 38. Rd5 {[%clk 0:01:07]} Ke7 {[%clk 0:01:51]} 39. Kg3
{[%clk 0:00:49]} Re3+ {[%clk 0:02:06]} 40. Kf4 {[%clk 0:31:06]} Rb3
{[%clk 0:32:32]} 41. Rd2 {[%clk 0:31:30]} Ke6 {[%clk 0:30:35]} 42. Kg5
{[%clk 0:19:19]} Rb5+ {[%clk 0:15:16]} 1/2-1/2

[Event "Team women final 2016"]
[Site "Sochi"]
[Date "2016.05.08"]
[Round "7.7"]
[White "Stetsko, Lanita"]
[Black "Borisova, Ekaterina"]
[Result "1-0"]
[LiveChessVersion "1.4.4"]
[BlackElo "2058"]
[WhiteElo "2220"]
[BlackTeam "MoscowYouth"]
[WhiteTeam "University"]

1. e4 {[%clk 1:30:56]} c5 {[%clk 1:30:57]} 2. Nf3 {[%clk 1:31:13]} d6
{[%clk 1:31:24]} 3. d4 {[%clk 1:31:32]} Nf6 {[%clk 1:31:50]} 4. Nc3
{[%clk 1:31:49]} cxd4 {[%clk 1:32:16]} 5. Nxd4 {[%clk 1:32:04]} Nc6
{[%clk 1:32:42]} 6. Bg5 {[%clk 1:32:06]} Bd7 {[%clk 1:33:06]} 7. Qd2
{[%clk 1:32:06]} Rc8 {[%clk 1:33:31]} 8. f4 {[%clk 1:31:35]} Nxd4
{[%clk 1:33:31]} 9. Qxd4 {[%clk 1:31:55]} Qa5 {[%clk 1:33:59]} 10. e5
{[%clk 1:30:47]} dxe5 {[%clk 1:34:03]} 11. fxe5 {[%clk 1:31:12]} e6
{[%clk 1:31:41]} 12. O-O-O {[%clk 1:29:23]} Bc6 {[%clk 1:28:42]} 13. Nb5
{[%clk 1:27:47]} Nd5 {[%clk 1:17:20]} 14. Qxa7 {[%clk 1:14:43]} Qb4
{[%clk 1:16:45]} 15. a3 {[%clk 0:44:40]} Qg4 {[%clk 1:12:28]} 16. Bd2
{[%clk 0:43:28]} Be7 {[%clk 1:11:54]} 17. Qd4 {[%clk 0:42:25]} Qh5
{[%clk 1:09:03]} 18. Na7 {[%clk 0:31:28]} Rd8 {[%clk 1:00:58]} 19. Nxc6
{[%clk 0:29:51]} bxc6 {[%clk 1:01:23]} 20. Qe4 {[%clk 0:25:43]} O-O
{[%clk 0:58:57]} 21. Be2 {[%clk 0:24:52]} Qg6 {[%clk 0:58:35]} 22. Qxg6
{[%clk 0:24:42]} hxg6 {[%clk 0:58:59]} 23. c4 {[%clk 0:23:42]} Nb6
{[%clk 0:58:11]} 24. Be3 {[%clk 0:21:26]} Na4 {[%clk 0:56:29]} 25. Rxd8
{[%clk 0:21:21]} Rxd8 {[%clk 0:56:50]} 26. Kc2 {[%clk 0:19:09]} f6
{[%clk 0:50:42]} 27. Rd1 {[%clk 0:17:19]} Rb8 {[%clk 0:49:45]} 28. b3
{[%clk 0:14:39]} Nb6 {[%clk 0:46:48]} 29. a4 {[%clk 0:14:53]} Bb4
{[%clk 0:45:51]} 30. Bf3 {[%clk 0:14:42]} c5 {[%clk 0:45:09]} 31. Bd2
{[%clk 0:14:56]} Kf7 {[%clk 0:36:29]} 32. Bxb4 {[%clk 0:15:02]} cxb4
{[%clk 0:36:55]} 33. a5 {[%clk 0:15:04]} Nc8 {[%clk 0:37:21]} 34. Rd7+
{[%clk 0:14:44]} Kf8 {[%clk 0:37:10]} 35. a6 {[%clk 0:13:46]} Nb6
{[%clk 0:37:34]} 36. Rb7 {[%clk 0:13:21]} Rxb7 {[%clk 0:38:00]} 37. Bxb7
{[%clk 0:12:39]} 1-0

[Event "Team women final 2016"]
[Site "Sochi"]
[Date "2016.05.08"]
[Round "7.8"]
[White "Yurovskikh, Yasmin"]
[Black "Baraeva, Marina"]
[Result "0-1"]
[LiveChessVersion "1.4.4"]
[BlackElo "2208"]
[WhiteElo "1892"]
[BlackTeam "University"]
[WhiteTeam "MoscowYouth"]

1. e4 {[%clk 1:30:59]} e6 {[%clk 1:30:45]} 2. d4 {[%clk 1:31:25]} d5
{[%clk 1:31:04]} 3. Nc3 {[%clk 1:31:52]} Nf6 {[%clk 1:31:19]} 4. Bd3
{[%clk 1:32:14]} c5 {[%clk 1:31:08]} 5. Nf3 {[%clk 1:32:38]} cxd4
{[%clk 1:30:46]} 6. Nxd4 {[%clk 1:33:02]} e5 {[%clk 1:30:51]} 7. Nf3
{[%clk 1:33:23]} d4 {[%clk 1:30:40]} 8. Ne2 {[%clk 1:33:46]} Nc6 {[%clk 1:30:02]}
9. O-O {[%clk 1:32:13]} Bg4 {[%clk 1:30:11]} 10. Ng3 {[%clk 1:32:09]} Bc5
{[%clk 1:26:00]} 11. h3 {[%clk 1:32:02]} Be6 {[%clk 1:14:24]} 12. Ng5
{[%clk 1:20:30]} h6 {[%clk 1:04:18]} 13. Nxe6 {[%clk 1:20:52]} fxe6
{[%clk 1:04:44]} 14. Bc4 {[%clk 1:14:10]} Qd7 {[%clk 1:01:19]} 15. c3
{[%clk 1:05:32]} O-O {[%clk 0:47:44]} 16. b4 {[%clk 1:05:06]} Bb6
{[%clk 0:47:44]} 17. Qb3 Rae8 {[%clk 0:42:55]} 18. Bb2 {[%clk 0:57:45]} Kh7
{[%clk 0:37:21]} 19. a4 {[%clk 0:56:08]} a6 {[%clk 0:31:52]} 20. Rad1
{[%clk 0:49:00]} Qc8 {[%clk 0:29:31]} 21. Bd3 {[%clk 0:42:47]} dxc3
{[%clk 0:27:09]} 22. Bxc3 {[%clk 0:42:54]} Nd7 {[%clk 0:23:13]} 23. Bc4
{[%clk 0:34:29]} Rf6 {[%clk 0:22:30]} 24. Nh5 {[%clk 0:24:47]} Rg6
{[%clk 0:22:31]} 25. Rd6 {[%clk 0:22:36]} Nf8 {[%clk 0:20:45]} 26. b5
{[%clk 0:15:00]} axb5 {[%clk 0:19:57]} 27. Qxb5 {[%clk 0:11:43]} Bd4
{[%clk 0:18:04]} 28. Bxd4 {[%clk 0:09:04]} Nxd4 {[%clk 0:18:09]} 29. Qb4
{[%clk 0:08:59]} Nd7 {[%clk 0:11:56]} 30. Bb5 {[%clk 0:08:18]} Rd8
{[%clk 0:10:05]} 31. Bxd7 {[%clk 0:06:44]} Rxd7 {[%clk 0:10:32]} 32. Rxd7
{[%clk 0:06:46]} Qxd7 {[%clk 0:11:00]} 33. Ng3 {[%clk 0:05:58]} Qf7
{[%clk 0:05:52]} 34. Qc4 {[%clk 0:04:01]} Qf4 {[%clk 0:05:05]} 35. Qd3
{[%clk 0:03:43]} h5 {[%clk 0:03:22]} 36. Qe3 {[%clk 0:01:56]} Qxe3
{[%clk 0:01:43]} 37. fxe3 {[%clk 0:02:23]} Rxg3 {[%clk 0:01:51]} 38. exd4
{[%clk 0:02:50]} exd4 {[%clk 0:02:15]} 39. Rb1 {[%clk 0:01:51]} Re3
{[%clk 0:01:07]} 40. Rxb7 {[%clk 0:31:32]} Rxe4 {[%clk 0:31:28]} 41. a5
{[%clk 0:24:25]} Re1+ {[%clk 0:26:37]} 42. Kf2 {[%clk 0:24:49]} Ra1
{[%clk 0:27:02]} 43. Rd7 {[%clk 0:24:09]} Rxa5 {[%clk 0:25:50]} 44. Rxd4
{[%clk 0:24:34]} Rf5+ {[%clk 0:26:13]} 45. Ke3 {[%clk 0:23:39]} Kg6
{[%clk 0:25:11]} 46. Ra4 {[%clk 0:15:46]} Rf1 {[%clk 0:24:00]} 47. Ra5
{[%clk 0:15:12]} Rf5 {[%clk 0:24:05]} 48. Ra4 {[%clk 0:15:29]} Kf6
{[%clk 0:24:24]} 49. h4 {[%clk 0:13:07]} Rb5 {[%clk 0:21:11]} 50. g3
{[%clk 0:11:07]} Rb3+ {[%clk 0:21:11]} 51. Kf4 {[%clk 0:11:32]} e5+
{[%clk 0:20:40]} 52. Ke4 {[%clk 0:11:58]} Rxg3 {[%clk 0:21:04]} 53. Ra6+
{[%clk 0:12:16]} Kf7 {[%clk 0:21:13]} 54. Kxe5 {[%clk 0:11:30]} Rg4
{[%clk 0:21:35]} 55. Kf5 {[%clk 0:11:34]} g6+ {[%clk 0:21:42]} 56. Ke5
{[%clk 0:11:55]} Kg7 {[%clk 0:21:45]} 57. Ra7+ {[%clk 0:11:48]} Kh6
{[%clk 0:22:06]} 58. Kf6 {[%clk 0:11:49]} Rxh4 {[%clk 0:21:38]} 59. Ra8
{[%clk 0:12:13]} Rf4+ {[%clk 0:21:57]} 60. Ke5 {[%clk 0:12:38]} Kg5
{[%clk 0:21:56]} 0-1

[Event "Team women final 2016"]
[Site "Sochi"]
[Date "2016.05.08"]
[Round "7.9"]
[White "Bodnaruk, Anastasia"]
[Black "Galliamova, Alisa"]
[Result "1-0"]
[LiveChessVersion "1.4.4"]
[BlackElo "2475"]
[WhiteElo "2475"]
[BlackTeam "Ladya"]
[WhiteTeam "SDUSSHOR"]

1. e4 {[%clk 1:30:58]} c5 {[%clk 1:30:55]} 2. Nf3 {[%clk 1:31:22]} e6
{[%clk 1:31:18]} 3. Nc3 {[%clk 1:31:44]} a6 {[%clk 1:31:24]} 4. d4
{[%clk 1:31:38]} cxd4 {[%clk 1:31:45]} 5. Nxd4 {[%clk 1:32:05]} b5
{[%clk 1:31:57]} 6. Bd3 {[%clk 1:31:40]} Qb6 {[%clk 1:32:14]} 7. Nb3
{[%clk 1:31:27]} Qc7 {[%clk 1:28:23]} 8. O-O {[%clk 1:31:30]} Nf6
{[%clk 1:21:28]} 9. a3 {[%clk 1:22:01]} Bb7 {[%clk 1:18:17]} 10. Qe2
{[%clk 1:14:17]} d6 {[%clk 1:15:07]} 11. f4 {[%clk 1:14:16]} Nbd7
{[%clk 1:14:57]} 12. Be3 {[%clk 1:06:32]} Nc5 {[%clk 1:09:30]} 13. Nxc5
{[%clk 1:01:55]} dxc5 {[%clk 1:09:54]} 14. e5 {[%clk 1:02:16]} c4
{[%clk 0:44:31]} 15. exf6 {[%clk 1:00:36]} cxd3 {[%clk 0:44:24]} 16. cxd3
{[%clk 0:58:44]} gxf6 {[%clk 0:43:41]} 17. f5 {[%clk 0:55:16]} Rg8
{[%clk 0:31:54]} 18. Ne4 {[%clk 0:54:01]} Qe5 {[%clk 0:30:40]} 19. fxe6
{[%clk 0:34:12]} Bxe4 {[%clk 0:30:54]} 20. exf7+ {[%clk 0:34:33]} Kxf7
{[%clk 0:31:17]} 21. dxe4 {[%clk 0:34:59]} Re8 {[%clk 0:09:46]} 22. Rf4
{[%clk 0:25:12]} Bh6 {[%clk 0:08:18]} 23. Rh4 {[%clk 0:24:41]} Bxe3+
{[%clk 0:07:18]} 24. Qxe3 {[%clk 0:25:10]} Rg7 {[%clk 0:04:15]} 25. Qf2
{[%clk 0:22:29]} Reg8 {[%clk 0:01:31]} 26. g3 {[%clk 0:22:17]} Rc8
{[%clk 0:01:18]} 27. Rf1 {[%clk 0:21:33]} Rc7 {[%clk 0:00:40]} 28. Rh5
{[%clk 0:19:19]} Qe6 {[%clk 0:00:41]} 29. e5 {[%clk 0:18:30]} Kg8
{[%clk 0:01:00]} 30. exf6 {[%clk 0:18:08]} Rgf7 {[%clk 0:01:19]} 31. Rg5+
{[%clk 0:16:08]} Kf8 {[%clk 0:01:34]} 32. Qd4 {[%clk 0:14:10]} Rfd7
{[%clk 0:01:46]} 33. f7 {[%clk 0:12:56]} Rxd4 {[%clk 0:01:52]} 34. Rg8+
{[%clk 0:13:22]} Ke7 {[%clk 0:02:19]} 35. f8=Q+ {[%clk 0:12:46]} Kd7
{[%clk 0:02:44]} 36. Rg7+ {[%clk 0:08:26]} Kc6 {[%clk 0:03:10]} 37. Rxc7+
{[%clk 0:08:41]} Kxc7 {[%clk 0:03:32]} 38. Qc5+ {[%clk 0:09:02]} 1-0

[Event "Team women final 2016"]
[Site "Sochi"]
[Date "2016.05.08"]
[Round "7.10"]
[White "Ambartsumova, Karina"]
[Black "Ovod, Evgenija"]
[Result "0-1"]
[LiveChessVersion "1.4.4"]
[BlackElo "2329"]
[WhiteElo "2307"]
[BlackTeam "SDUSSHOR"]
[WhiteTeam "Ladya"]

1. e4 {[%clk 1:30:50]} e5 {[%clk 1:30:54]} 2. Nf3 {[%clk 1:31:02]} Nc6
{[%clk 1:31:18]} 3. Bb5 {[%clk 1:30:59]} Nf6 {[%clk 1:31:40]} 4. d3
{[%clk 1:30:16]} Bc5 {[%clk 1:32:02]} 5. Bxc6 {[%clk 1:30:02]} dxc6
{[%clk 1:32:19]} 6. Nbd2 {[%clk 1:29:28]} Be6 {[%clk 1:30:03]} 7. Nb3
{[%clk 1:20:33]} Bd6 {[%clk 1:30:16]} 8. Ng5 {[%clk 1:12:20]} Bg4
{[%clk 1:29:37]} 9. f3 {[%clk 1:07:25]} Bd7 {[%clk 1:29:51]} 10. f4
{[%clk 1:00:42]} exf4 {[%clk 1:30:12]} 11. O-O {[%clk 1:00:24]} Ng4
{[%clk 1:29:09]} 12. Nf3 {[%clk 0:50:16]} g5 {[%clk 1:11:17]} 13. e5
{[%clk 0:29:08]} Be7 {[%clk 1:11:24]} 14. h3 {[%clk 0:24:12]} Nh6
{[%clk 1:11:09]} 15. h4 {[%clk 0:24:11]} gxh4 {[%clk 1:02:24]} 16. Bxf4
{[%clk 0:24:19]} Nf5 {[%clk 1:02:50]} 17. Nfd2 {[%clk 0:19:21]} Be6
{[%clk 0:57:59]} 18. Ne4 {[%clk 0:18:14]} Qd7 {[%clk 0:56:14]} 19. Kh2
{[%clk 0:18:21]} O-O-O {[%clk 0:56:11]} 20. Qe1 {[%clk 0:15:50]} b6
{[%clk 0:52:18]} 21. Nbd2 {[%clk 0:15:40]} h3 {[%clk 0:47:48]} 22. g3
{[%clk 0:13:44]} h5 {[%clk 0:48:13]} 23. Nf3 {[%clk 0:12:36]} h4 {[%clk 0:42:40]}
24. g4 {[%clk 0:11:45]} Nd4 {[%clk 0:43:06]} 25. Nxd4 {[%clk 0:04:40]} Qxd4
{[%clk 0:43:33]} 26. Qe2 {[%clk 0:04:12]} Qxb2 {[%clk 0:43:51]} 27. a4
{[%clk 0:03:49]} a5 {[%clk 0:39:58]} 28. Qf2 {[%clk 0:02:59]} c5 {[%clk 0:34:33]}
29. Rab1 {[%clk 0:03:01]} Qd4 {[%clk 0:34:48]} 30. Qxd4 {[%clk 0:02:18]} Rxd4
{[%clk 0:34:45]} 31. Ra1 {[%clk 0:01:02]} Bxg4 {[%clk 0:20:09]} 32. Be3
{[%clk 0:01:16]} Rd5 {[%clk 0:20:32]} 33. Rxf7 {[%clk 0:01:28]} Rxe5
{[%clk 0:20:54]} 34. Bf4 {[%clk 0:00:56]} Rf5 {[%clk 0:21:02]} 35. Rxe7
{[%clk 0:00:48]} Rxf4 {[%clk 0:21:29]} 36. Rg1 {[%clk 0:00:55]} Rhf8
{[%clk 0:20:44]} 37. Re1 {[%clk 0:00:41]} Rf1 {[%clk 0:17:36]} 38. Re8+
{[%clk 0:00:39]} Kb7 {[%clk 0:17:32]} 39. Rxf1 {[%clk 0:00:36]} Rxf1
{[%clk 0:17:56]} 40. Rh8 {[%clk 0:30:36]} Rc1 {[%clk 0:47:37]} 41. Rxh4
{[%clk 0:30:57]} Rxc2+ {[%clk 0:47:58]} 42. Kg1 {[%clk 0:30:02]} Bd7
{[%clk 0:47:21]} 43. Nf2 {[%clk 0:30:17]} Ra2 {[%clk 0:47:03]} 0-1